| 000 | 00488nam a22001577a 4500 | ||
|---|---|---|---|
| 005 | 20251108112835.0 | ||
| 008 | 251108b |||||||| |||| 00| 0 eng d | ||
| 020 | _a9781418843007 | ||
| 050 |
_aZ52.5 _b.M52 |
||
| 100 | _aDuffy, Jennifer A. | ||
| 245 |
_aMicrosoft Office Word 2003 _bbrief _cJennifer A. Duffy |
||
| 250 | _bIllustrated, CourseCard Edition | ||
| 260 |
_aAustralia _bThomson Course Technology _c2006 |
||
| 300 |
_aviii. various paging _bill. color _c27.5cm |
||
| 942 |
_2lcc _cBK _n0 |
||
| 999 |
_c8141 _d8141 |
||